000 00793nam a2200193Ia 4500
003 GCL
008 140319s9999 xx 000 0 ara d
040 _aGCL /
_cGCL
082 0 4 _aق
_b720.3
_bم م
100 1 _aمحمد على عبدالحفيظ
245 1 0 _aالمصطلحات المعمارية فى وثائق عصر محمد على وخلفائه 1805 - 1879 م /
_cمحمد على عبدالحفيظ
250 _aالاولى
260 _aالقاهرة :
_bدار الجريسى للكومبيوتر - الطباعة - التصوير ،
_c2005
300 _a220 ص ؛
_c24 سم
650 0 4 _aالعمارة الاسلامية
650 0 4 _aالعمارة - مصطلحات
650 0 4 _aالعمارة الاسلامية - تاريخ - عصر محمد على
942 _2ddc
_cBK
999 _c8228
_d8228